Normal view
MARC view
Entry Personal Name
001 - CONTROL NUMBER
- control field: 42697
003 - CONTROL NUMBER IDENTIFIER
- control field: dpl
005 - DATE AND TIME OF LATEST TRANSACTION
- control field: 20120221140528.0
008 - FIXED-LENGTH DATA ELEMENTS
- fixed length control field: 120221|||a|||||| | ||| d
040 ## - CATALOGING SOURCE
- Original cataloging agency: dpl
- Transcribing agency: dpl
100 ## - HEADING--PERSONAL NAME
- Personal name: Sooryanarayana,P.S.
670 ## - SOURCE DATA FOUND
- Source citation: Work cat.: (dpl): Sooryanarayana,P.S., Communication Technology:, 2000
670 ## - SOURCE DATA FOUND
- Source citation: Work cat.: (dpl): Sooryanarayana,P.S., Communication Technology:, 2000
